Výrobní a logistické systémy /

Hlavní autor: Daněk, Jan, 1935-
Další autoři: Plevný, Miroslav, 1965-
Jazyk: Čeština
Vydáno: Plzeň : Západočeská univerzita, 2005
Vydání: 1. vyd.
Témata:
Externí odkaz: Digitalizovaný dokument
Fyzický popis: vii, 212 s. : il. ; 25 cm
Knihy
Uloženo v:
LEADER 01678cam a2200445 a 4500
001 nkc20051629475
003 CZ PrNK
005 20231121052751.0
007 ta
008 051102s2005 xr a e p 000 0 cze
015 |a cnb001629475 
020 |a 80-7043-416-3  |q (brož.) :  |c Kč 199,00 
020 |a 978-80-7043-416-1  |q (dotisk 2009 ;  |q brož.) :  |c Kč 207,00 
035 |a (OCoLC)85164419 
040 |a BOA001  |b cze  |d ABA001 
072 7 |a 658  |x Řízení a správa podniku  |2 Konspekt  |9 4 
072 7 |a 37.016  |x Učební osnovy. Vyučovací předměty. Učebnice  |2 Konspekt  |9 22 
080 |a 658.5-025.21  |2 MRF 
080 |a 005.51  |2 MRF 
080 |a (075)  |2 MRF 
100 1 |a Daněk, Jan,  |d 1935-  |7 mzk2002112113  |4 aut 
245 1 0 |a Výrobní a logistické systémy /  |c Jan Daněk, Miroslav Plevný 
250 |a 1. vyd. 
260 |a Plzeň :  |b Západočeská univerzita,  |c 2005 
300 |a vii, 212 s. :  |b il. ;  |c 25 cm 
500 |a 500 výt., v r. 2009 dotisk 400 výt. 
504 |a Obsahuje bibliografii 
650 0 7 |a výrobní systémy  |7 ph127454  |2 czenas 
650 0 7 |a logistika (management)  |7 ph122437  |2 czenas 
650 0 9 |a manufacturing systems  |2 eczenas 
650 0 9 |a business logistics  |2 eczenas 
655 7 |a učebnice  |7 fd133770  |2 czenas 
655 9 |a textbooks  |2 eczenas 
700 1 |a Plevný, Miroslav,  |d 1965-  |7 mzk2003213655  |4 aut 
856 4 1 |u http://www.digitalniknihovna.cz/mzk/uuid/uuid:10786a50-e855-11e6-8a71-005056827e52  |y Digitalizovaný dokument  |x NDK 
910 2 |a BOA001  |b 3-1159.837 
990 |a BK 
995 |a 01 
991 |b 200511  |c NOV 
996 6 |b 2610262656  |c 3-1159.837  |l MZK  |r Sklad / do 1 hodiny  |n 33  |p p.v.  |w 000796557  |u 000010  |a 1  |e BOA001  |j MZK50  |s P